Die Reform der österreichischen Advocatur /

Uložené v:
Podrobná bibliografia
Hlavný autor: Herzog, A. (Author)
Médium: Kniha
Jazyk:German
Vydané: Wien : Verlag der G. J. Manz´schen Buchhandlung, 1868
Vydanie:[1. Aufl.]
ISBN: (viaz.)
Fyzický popis: 34 s. ; 22 cm
Tagy: Pridať tag
Žiadne tagy, Buďte prvý kto otaguje tento záznam!

MARC

LEADER 00000nam a2200000 a 4500
001 000072921
003 SVKK
005 20070327101526.0
008 010521s1868 au e 000 0 gero
020 |a (viaz.) 
040 |a SVKKK  |b slo  |c SVKKK  |e AACR2 
041 0 |a ger 
044 |a au  |c AT 
100 1 |a Herzog, A.  |4 aut 
245 1 0 |a Die Reform der österreichischen Advocatur /  |c von A. Herzog 
250 |a [1. Aufl.] 
260 |a Wien :  |b Verlag der G. J. Manz´schen Buchhandlung,  |c 1868 
300 |a 34 s. ;  |c 22 cm 
998 |a BK 
090 |g SCKHL  |k HIS - sklad Zvonárska 19  |a VII.561  |j 987808  |i 2720096397  |s Príručka / Študovňa